000 00947nam a2200241 i 4500
001 175260
003 ES-MaACL
005 20250806062543.0
007 t|
008 101019s1971 sp f ||||1| spa d
080 _a726.52(460.27 M.)
100 1 _aAzcárate Ristori, José María de.
_924256
245 1 3 _aLa capilla del obispo en la iglesia de San Andrés / por José María de Azcárate.
260 _aMadrid :
_bAyuntamiento de Madrid, Delegación de Educación :
_bInstituto de Estudios Madrileños,
_c1971.
300 _a27 p. , [20] h. de lám. ;
_c22 cm.
490 1 _aCiclo de conferencias sobre monumentos madrileños ;
_v7
610 2 4 _aIglesia de San Andrés (Madrid)
_9143654
650 4 _aCapillas-
_zMadrid.
_9143655
710 2 _aInstituto de Estudios Madrileños
_94916
830 0 _aCiclo de conferencias sobre monumentos madrileños ;
_v7
_9189598
852 _aES-MaACL
_j2258-F-7
_xOlim P-53
999 _c175260
_d175260